00351 2200145 4500245005100000250001100051100001800062650001000080005001900090260003600109041001400145084000800159300002900167336000900196 aAku akan Menggeser GunungcRahmi KhalidahText aCet. 1 aRahmi Khalida aNovel a20230110071306 aJakartabDepartemen Agamac2009 aIndonesia a813 aviii, 262 hlm. :c21 cm. atext